000
00335 a2200157 4500
001
67338
020
_a
8524909625
040
_c
Anchieta - Pituba
100
_a
Dias Sobrinho, José
240
1
0
_a
Avaliação
_l
por
245
1
0
_a
Avaliação
300
_a
198
362
0
_a
2003
650
4
_a
.Ensino Superior no Brasil
942
_c
BK
999
_c
67338
_d
67338